Hydroenergetika
Saved in:
| Main Author: | |
|---|---|
| Format: | Book |
| Language: | Slovak |
| Published: |
Bratislava :
SVŠT v Bratislave,
1984
|
| Tags: |
No Tags, Be the first to tag this record!
|
MARC
| LEADER | 00000nam a22000003a 4500 | ||
|---|---|---|---|
| 001 | stu85254 | ||
| 005 | 20171030091438.1 | ||
| 008 | 040324s1984----cs------------------slo-d | ||
| 040 | |a STU |b slo | ||
| 041 | 0 | |a slo | |
| 044 | |a cs | ||
| 080 | |a 621.22(075.8) | ||
| 080 | |a 626/628 | ||
| 080 | |a 627.8 |7 stu_us_auth*stu4322 | ||
| 100 | 1 | |a Štěrba, Stanislav |4 aut | |
| 245 | 1 | |a Hydroenergetika | |
| 260 | |a Bratislava : |b SVŠT v Bratislave, |c 1984 | ||
| 300 | |a 129 s.;tab.,schémy | ||
| 996 | |b 284V019365 |c V*17016/S-84 |l VVS |s A |a 24 |w stu85254_0001 | ||
| 996 | |b 284V013463 |c V*41287/S-04 |l VVS |s A |a 24 |w stu85254_0002 | ||
| 996 | |b 284V023699 |c V*26650/O-11099 |l VVT |s A |a 24 |w stu85254_0003 | ||
| 996 | |b 284V040801 |c V* 43670/S-17 |l VVS |s A |a 24 |w stu85254_0004 | ||
| 996 | |b 284V040976 |c V* 43722/S-18 |l VVS |s A |a 24 |w stu85254_0005 | ||